Collected works of Bernard Lonaergan; (Record no. 131718)
[ view plain ]
| 000 -LEADER | |
|---|---|
| fixed length control field | 00548nam a22001697a 4500 |
| 008 - FIXED-LENGTH DATA ELEMENTS--GENERAL INFORMATION | |
| fixed length control field | 230329b |||||||| |||| 00| 0 eng d |
| 020 ## - INTERNATIONAL STANDARD BOOK NUMBER | |
| International Standard Book Number | 9781487524388. |
| 050 ## - LIBRARY OF CONGRESS CALL NUMBER | |
| Classification number | BX391.L595 1988. |
| 100 ## - MAIN ENTRY--PERSONAL NAME | |
| Personal name | Dadosky G. John. |
| 9 (RLIN) | 52273 |
| 245 ## - TITLE STATEMENT | |
| Title | Collected works of Bernard Lonaergan; |
| Remainder of title | archival material :early papers on history, |
| Statement of responsibility, etc | John D. Dadosky. |
| 300 ## - PHYSICAL DESCRIPTION | |
| Extent | ix; |
| Other physical details | 199p, |
| Dimensions | 24cm. |
| 650 ## - SUBJECT ADDED ENTRY--TOPICAL TERM | |
| Topical term or geographic name as entry element | Catholic church; |
| Form subdivision | doctrines |
| 9 (RLIN) | 52274 |
| 650 ## - SUBJECT ADDED ENTRY--TOPICAL TERM | |
| Topical term or geographic name as entry element | philosophy, |
| 650 ## - SUBJECT ADDED ENTRY--TOPICAL TERM | |
| Topical term or geographic name as entry element | theology, |
| 650 ## - SUBJECT ADDED ENTRY--TOPICAL TERM | |
| Topical term or geographic name as entry element | education, |
| Form subdivision | philosophy. |
| 9 (RLIN) | 52275 |
| 942 ## - ADDED ENTRY ELEMENTS (KOHA) | |
| Source of classification or shelving scheme | Library of Congress Classification |
| Item type | Monograph ( Printed materials) |
| Withdrawn status | Lost status | Source of classification or shelving scheme | Damaged status | Not for loan | Home library | Current library | Shelving location | Date acquired | Total Checkouts | Full call number | Barcode | Date last seen | Price effective from | Koha item type |
|---|---|---|---|---|---|---|---|---|---|---|---|---|---|---|
| Library of Congress Classification | ARRUPE LIBRARY | ARRUPE LIBRARY | Main Collection | 29/03/2023 | BX391.L595 1988. | 46700000252 | 29/03/2023 | 29/03/2023 | Monograph ( Printed materials) |